<?xml version="1.0" encoding="UTF-8"?>
<record
    xmlns:xsi="http://www.w3.org/2001/XMLSchema-instance"
    xsi:schemaLocation="http://www.loc.gov/MARC21/slim http://www.loc.gov/standards/marcxml/schema/MARC21slim.xsd"
    xmlns="http://www.loc.gov/MARC21/slim">

  <leader>00665nam a22001337a 4500</leader>
  <datafield tag="040" ind1=" " ind2=" ">
    <subfield code="c">RUA</subfield>
  </datafield>
  <datafield tag="082" ind1=" " ind2=" ">
    <subfield code="a">AGR THE 2017 B625 or.01</subfield>
  </datafield>
  <datafield tag="100" ind1=" " ind2=" ">
    <subfield code="a">THEN NARONG &#x1790;&#x17C2;&#x1793; &#x178E;&#x17B6;&#x179A;&#x17C9;&#x17BB;&#x1784;</subfield>
  </datafield>
  <datafield tag="245" ind1=" " ind2=" ">
    <subfield code="a">AGRONOMIC AND YEILD PERFORMANCE OF KOREAN MOTATO LINES AT DAK DAM MONDUL KIRI PROVINCE&#x200B; &#x1780;&#x17B6;&#x179A;&#x179B;&#x17BC;&#x178F;&#x179B;&#x17B6;&#x179F;&#x17CB;&#x1793;&#x17B7;&#x1784;&#x1791;&#x17B7;&#x1793;&#x17D2;&#x1793;&#x1795;&#x179B;&#x179F;&#x17D2;&#x179A;&#x17A1;&#x17B6;&#x1799;&#x178A;&#x17C6;&#x17A1;&#x17BC;&#x1784;&#x1794;&#x17B6;&#x179A;&#x17B6;&#x17C6;&#x1784;&#x1796;&#x17B8;&#x1794;&#x17D2;&#x179A;&#x1791;&#x17C1;&#x179F;&#x1780;&#x17BC;&#x179A;&#x17C9;&#x17C1;&#x1793;&#x17C5;&#x178F;&#x17C6;&#x1794;&#x1793;&#x17CB;&#x178A;&#x17B6;&#x1780;&#x17CB;&#x178A;&#x17B6;&#x17C6; </subfield>
  </datafield>
  <datafield tag="260" ind1=" " ind2=" ">
    <subfield code="a">phnom penh</subfield>
    <subfield code="b">RUA</subfield>
    <subfield code="c">2017</subfield>
  </datafield>
  <datafield tag="300" ind1=" " ind2=" ">
    <subfield code="a">xi, 40</subfield>
    <subfield code="b">ill,</subfield>
    <subfield code="c">29cm,</subfield>
  </datafield>
  <datafield tag="856" ind1=" " ind2=" ">
    <subfield code="u">https://drive.google.com/file/d/1VrXeqSAdveu9W_LYcon6spMId5DOIRIl/view?usp=sharing</subfield>
  </datafield>
  <datafield tag="942" ind1=" " ind2=" ">
    <subfield code="c">AGR</subfield>
  </datafield>
  <datafield tag="999" ind1=" " ind2=" ">
    <subfield code="c">17717</subfield>
    <subfield code="d">17717</subfield>
  </datafield>
  <datafield tag="952" ind1=" " ind2=" ">
    <subfield code="0">0</subfield>
    <subfield code="1">0</subfield>
    <subfield code="2">ddc</subfield>
    <subfield code="4">0</subfield>
    <subfield code="6">AGR_THE_2017_000000000000000_B625_OR_01</subfield>
    <subfield code="7">0</subfield>
    <subfield code="9">77433</subfield>
    <subfield code="a">LBB</subfield>
    <subfield code="b">LBB</subfield>
    <subfield code="c">B625</subfield>
    <subfield code="d">2019-01-18</subfield>
    <subfield code="l">1</subfield>
    <subfield code="o">AGR THE 2017 B625 or.01</subfield>
    <subfield code="p">A41581</subfield>
    <subfield code="r">2024-11-12</subfield>
    <subfield code="s">2024-10-25</subfield>
    <subfield code="w">2019-01-18</subfield>
    <subfield code="y">AGR</subfield>
  </datafield>
  <datafield tag="952" ind1=" " ind2=" ">
    <subfield code="0">0</subfield>
    <subfield code="1">0</subfield>
    <subfield code="2">ddc</subfield>
    <subfield code="4">0</subfield>
    <subfield code="6">AGR_THE_2017_000000000000000_B625_OR_02</subfield>
    <subfield code="7">0</subfield>
    <subfield code="9">77434</subfield>
    <subfield code="a">LBB</subfield>
    <subfield code="b">LBB</subfield>
    <subfield code="c">B625</subfield>
    <subfield code="d">2019-01-18</subfield>
    <subfield code="o">AGR THE 2017 B625 or.02</subfield>
    <subfield code="p">A39918</subfield>
    <subfield code="r">2019-01-18</subfield>
    <subfield code="w">2019-01-18</subfield>
    <subfield code="y">AGR</subfield>
  </datafield>
  <datafield tag="952" ind1=" " ind2=" ">
    <subfield code="0">0</subfield>
    <subfield code="1">0</subfield>
    <subfield code="2">ddc</subfield>
    <subfield code="4">0</subfield>
    <subfield code="6">AGR_THE_2017_000000000000000_B625_OR_03</subfield>
    <subfield code="7">0</subfield>
    <subfield code="9">77435</subfield>
    <subfield code="a">LBB</subfield>
    <subfield code="b">LBB</subfield>
    <subfield code="c">B625</subfield>
    <subfield code="d">2019-01-18</subfield>
    <subfield code="l">1</subfield>
    <subfield code="o">AGR THE 2017 B625 or.03</subfield>
    <subfield code="p">A39940</subfield>
    <subfield code="r">2019-07-03</subfield>
    <subfield code="s">2019-06-14</subfield>
    <subfield code="w">2019-01-18</subfield>
    <subfield code="y">AGR</subfield>
  </datafield>
  <datafield tag="952" ind1=" " ind2=" ">
    <subfield code="0">0</subfield>
    <subfield code="1">0</subfield>
    <subfield code="2">ddc</subfield>
    <subfield code="4">0</subfield>
    <subfield code="6">AGR_THE_2017_000000000000000_B625_OR_04</subfield>
    <subfield code="7">0</subfield>
    <subfield code="9">77436</subfield>
    <subfield code="a">LBB</subfield>
    <subfield code="b">LBB</subfield>
    <subfield code="c">B625</subfield>
    <subfield code="d">2019-01-18</subfield>
    <subfield code="l">2</subfield>
    <subfield code="o">AGR THE 2017 B625 or.04</subfield>
    <subfield code="p">A39843</subfield>
    <subfield code="r">2019-07-12</subfield>
    <subfield code="s">2019-07-02</subfield>
    <subfield code="w">2019-01-18</subfield>
    <subfield code="y">AGR</subfield>
  </datafield>
  <datafield tag="952" ind1=" " ind2=" ">
    <subfield code="0">0</subfield>
    <subfield code="1">0</subfield>
    <subfield code="2">ddc</subfield>
    <subfield code="4">0</subfield>
    <subfield code="6">AGR_THE_2017_000000000000000_B625_OR_05</subfield>
    <subfield code="7">0</subfield>
    <subfield code="9">77437</subfield>
    <subfield code="a">LBB</subfield>
    <subfield code="b">LBB</subfield>
    <subfield code="c">B625</subfield>
    <subfield code="d">2019-01-18</subfield>
    <subfield code="l">1</subfield>
    <subfield code="o">AGR THE 2017 B625 or.05</subfield>
    <subfield code="p">A40020</subfield>
    <subfield code="r">2019-07-16</subfield>
    <subfield code="s">2019-07-08</subfield>
    <subfield code="w">2019-01-18</subfield>
    <subfield code="y">AGR</subfield>
  </datafield>
  <datafield tag="952" ind1=" " ind2=" ">
    <subfield code="0">0</subfield>
    <subfield code="1">0</subfield>
    <subfield code="2">ddc</subfield>
    <subfield code="4">0</subfield>
    <subfield code="6">AGR_THE_2017_000000000000000_B625_OR_06</subfield>
    <subfield code="7">0</subfield>
    <subfield code="9">77438</subfield>
    <subfield code="a">LBB</subfield>
    <subfield code="b">LBB</subfield>
    <subfield code="c">B625</subfield>
    <subfield code="d">2019-01-18</subfield>
    <subfield code="l">2</subfield>
    <subfield code="o">AGR THE 2017 B625 or.06</subfield>
    <subfield code="p">A39988</subfield>
    <subfield code="r">2020-03-06</subfield>
    <subfield code="s">2020-01-29</subfield>
    <subfield code="w">2019-01-18</subfield>
    <subfield code="y">AGR</subfield>
  </datafield>
</record>
